1436 1045 1442 1381 1925 1273 1331 1257 1418 1887 1809 1630 1604 1420 1730 1771 1876 1950 1430 1806 1272 1259 1150 1254 1667 1745 1622 1005 1364 1401 1420 1258 1988 1614 1538 1772 1498 1414 1546 1216 1810 1689 1336 1657 1118 1793 1229 1835 1259 1635 1869 1608 1436 1014 1690 1195 1191 1932 1578 1228 1646 1235 1072 1092 1520 1128 1133 1755 1759 1552 1000 1949 1632 1720 1467 1907 1969 1989 1213 1373 1810 1120 1238 1513 1644 1446 1814 1836 1273 1655 1504 1855 1704 1514 1925 1649 1389 1677 1644 BCNSPRNW ULIB Ver.6.0+V

เปลี่ยนเป็นภาษาไทย

Change to English
 แสดงรายละเอียดบรรณานุกรม
  กลับหน้าหลัก

Brief Record : Get Marc (ISO 2709) : E-mail record : QR code < ปิดหน้าต่าง
LEADER : 00000nam 2200000uu 4500
001    13399125699
003     ULIB
008    170716s||||||||th 000 0 tha d
020    ^a9786163948984
060  0 ^aWA100^bS187H
100 0  ^asamuel umereweneza
245 00 ^aHEALTH GUIDING PRINCIPLES A Preventive and Christian Perspective /^csamuel umereweneza
250    ^aSecond Edition
260    ^aNakhon Pathom :^bPhetkasemm ;^cม.ป.ป.
300    ^a334 หน้า ;^c19 ซม.
650  0 ^aHEALTH^xHealth Care
945    ^p0^l0^i25271
999    ^aกัณชพร จุลอักษร
รายการนี้ยังไม่มีแท็ก
คุณยังไม่ได้ล็อกอิน คุณสามารถมีกิจกรรมร่วมกับเว็บไซต์ได้ แต่ต้องล็อกอินก่อน ::
  ล็อกอิน

รายการสื่อสารสนเทศ

ลำดับที่ ประเภท เลขเรียก/บาร์โค้ด สถานที่ สถานะ
1. วิทยาศาสตร์การแพทย์ และสุขภาพ
วิทยาศาสตร์การแพทย์ และสุขภาพ
WA100 S187H ฉ.1 
  Barcode: 25271
ห้องสมุดวิทยาเขตนครสวรรค์
►หนังสือทั่วไป:l:General Books
บนชั้น

รายการใกล้เคียง
    ผู้แต่ง [samuel umereweneza]

BibComment


ยังไม่เคยถูกคอมเมนท์

คอมเมนท์ทรัพยากรรายการนี้
  คอมเมนท์: HEALTH GUIDING P..


 Copyright 2026. Bcnsprnw @Library